Rules of order : (Record no. 19769)
[ view plain ]
| 000 -LEADER | |
|---|---|
| fixed length control field | 00728nam a2200241 a 4500 |
| 001 - CONTROL NUMBER | |
| control field | 19769 |
| 003 - CONTROL NUMBER IDENTIFIER | |
| rucl marc code | BD-RjUL |
| 005 - DATE AND TIME OF LATEST TRANSACTION | |
| control field | 20211209000457.0 |
| 008 - FIXED-LENGTH DATA ELEMENTS--GENERAL INFORMATION | |
| fixed length control field | 180808s1943 us 000 0 eng d |
| 035 ## - SYSTEM CONTROL NUMBER | |
| System control number | (BD-RjUL)19830 |
| 040 ## - CATALOGING SOURCE | |
| Original cataloging agency | BD-RjUL |
| Transcribing agency | BD-RjUL |
| Modifying agency | BD-RjUL |
| Language of cataloging | eng |
| 041 ## - LANGUAGE CODE | |
| Language code of text/sound track or separate title | eng |
| 082 ## - DEWEY DECIMAL CLASSIFICATION NUMBER | |
| Classification number | 328.1 |
| Author mark and year | ROR 1943 |
| 100 1# - MAIN ENTRY--PERSONAL NAME | |
| Personal name | Robert, Henry M |
| 9 (RLIN) | 222169 |
| 245 ## - TITLE STATEMENT | |
| Title | Rules of order : |
| Remainder of title | revised for deliberative assemblies / |
| Statement of responsibility, etc. | Henry M Robert |
| 250 ## - EDITION STATEMENT | |
| Edition statement | revised ed. |
| 260 ## - PUBLICATION, DISTRIBUTION, ETC. (IMPRINT) | |
| Place of publication, distribution, etc. | Chicago : Scott: |
| Name of publisher, distributor, etc. | Scott, Foresman, |
| Date of publication, distribution, etc. | 1943. |
| 300 ## - PHYSICAL DESCRIPTION | |
| Pagination | 326 p. ; |
| Size | 16 cm |
| 500 ## - GENERAL NOTE | |
| General note | " Some Information taken from World Cat" |
| 650 ## - SUBJECT ADDED ENTRY--TOPICAL TERM | |
| Topical term or geographic name as entry element | Parliamentary practice. |
| 9 (RLIN) | 222170 |
| 651 #0 - SUBJECT ADDED ENTRY--GEOGRAPHIC NAME | |
| Geographic name | England |
| Form subdivision | Fiction. |
| 9 (RLIN) | 60737 |
| 942 ## - ADDED ENTRY ELEMENTS (KOHA) | |
| Source of classification or shelving scheme | Dewey Decimal Classification |
| Koha item type | Rare Books |
| Lost status | Source of classification or shelving scheme | Damaged status | Not for loan | Collection code | Permanent Location | Current Location | Shelving location | Date acquired | Total Checkouts | Full call number | Date last seen | Copy number | Koha item type |
|---|---|---|---|---|---|---|---|---|---|---|---|---|---|
| Dewey Decimal Classification | Not For Loan | Rare Books | Central Library, University of Rajshahi | Central Library, University of Rajshahi | Rare Book Section | 07/08/2018 | RA 328.1 ROR 1943 | 07/08/2018 | C-1 | Rare Books |